[Event "SR 2. liga A 2013/2014"]
[Site "?"]
[Date "2013.10.19"]
[Round "1.5"]
[White "Biro, Karol"]
[Black "Liptak, Tomas"]
[Result "0-1"]
[WhiteElo "2190"]
[BlackElo "2108"]
[PlyCount "110"]
[EventDate "2013.??.??"]

1. d4 Nf6 2. Bg5 g6 3. Nd2 Bg7 4. Ngf3 d5 5. c3 O-O 6. e3 b6 7. Bd3 Bb7 8. Bxf6
exf6 9. O-O f5 10. b4 Nd7 11. Nb3 Nf6 12. Rc1 Qe7 13. a3 Ne4 14. Nfd2 Rfe8 15.
Re1 Bh6 16. Nxe4 fxe4 17. Bf1 f5 18. c4 c6 19. cxd5 cxd5 20. Na1 f4 21. Qb3
Rac8 22. Nc2 Qd6 23. b5 Kh8 24. g3 fxg3 25. hxg3 Rc7 26. Nb4 Rec8 27. Rxc7 Rxc7
28. Qb2 Bf8 29. Rc1 Rg7 30. Nc6 h5 31. Ne5 Qxa3 32. Qxa3 Bxa3 33. Ra1 Bd6 34.
Rxa7 Bxe5 35. dxe5 Kg8 36. Bh3 Kf8 37. Kf1 Re7 38. Ke1 Ke8 39. Kd2 Kd8 40. e6
Rc7 41. Bg2 Ke7 42. f3 exf3 43. Bxf3 Kxe6 44. e4 dxe4 45. Bxe4 Rd7+ 46. Bd3 g5
47. Ke3 Kd6 48. Bg6 Re7+ 49. Kf2 h4 50. gxh4 gxh4 51. Bh5 Bd5 52. Ra4 Re4 53.
Ra1 Rb4 54. Be8 Rb2+ 55. Ke3 h3 0-1

[Event "SR 2. liga A 2013/2014"]
[Site "?"]
[Date "2013.10.19"]
[Round "1.5"]
[White "Kebis, Milos"]
[Black "Puchart, Vladimir"]
[Result "1-0"]
[WhiteElo "1997"]
[BlackElo "2051"]
[PlyCount "103"]
[EventDate "2013.??.??"]

1. c4 Nf6 2. Nc3 c5 3. Nf3 g6 4. e4 Bg7 5. d4 cxd4 6. Nxd4 d6 7. Be2 Nc6 8. Be3
Qa5 9. O-O O-O 10. Nb3 Qc7 11. Rc1 Be6 12. c5 Rad8 13. Nb5 Qb8 14. cxd6 exd6
15. f3 d5 16. Qc2 dxe4 17. fxe4 Ng4 18. Bxg4 Bxg4 19. Qf2 Be5 20. g3 Rd3 21.
Nc5 Rxe3 22. Qxe3 a6 23. Qg5 Bh3 24. Na3 f6 25. Qh6 Bxf1 26. Kxf1 Qd6 27. Qe3
Nd4 28. Nd3 Kg7 29. Nc4 Qe6 30. Nb4 Qd7 31. Nd5 Qh3+ 32. Kg1 Nc6 33. Nf4 Qg4
34. Kg2 Rd8 35. Rf1 Bd4 36. Qb3 Qd7 37. Ne3 Bxe3 38. Ne6+ Kh8 39. Nxd8 Qd2+ 40.
Kh1 Qe2 41. Qd1 Qxb2 42. Nxc6 bxc6 43. Qd8+ Kg7 44. Qe7+ Kh6 45. Qxf6 Bd4 46.
Qf8+ Kh5 47. Qf4 g5 48. g4+ Kh6 49. Qf8+ Kg6 50. Qe8+ Kg7 51. Rf7+ Kg6 52. Rf2+
1-0

[Event "SR 2. liga A 2013/2014"]
[Site "?"]
[Date "2013.10.19"]
[Round "1.5"]
[White "Stetina, Erik"]
[Black "Mandak, Miroslav"]
[Result "1-0"]
[WhiteElo "2041"]
[BlackElo "2008"]
[PlyCount "65"]
[EventDate "2013.??.??"]

1. e4 e6 2. d4 d5 3. e5 c5 4. c3 Nc6 5. Nf3 Qb6 6. Be2 Bd7 7. O-O cxd4 8. cxd4
Nh6 9. b3 Nf5 10. Bb2 h5 11. Re1 Bb4 12. Rf1 Be7 13. h3 g5 14. Nc3 g4 15. Na4
Qd8 16. Nh2 g3 17. Nf3 Rg8 18. Rc1 gxf2+ 19. Rxf2 Bf8 20. Nc5 Bh6 21. Nxb7 Qb6
22. Nc5 Be3 23. a4 Bxf2+ 24. Kxf2 Rxg2+ 25. Ke1 a6 26. Ba3 Ncxd4 27. Bf1 Nxf3+
28. Qxf3 Rg5 29. h4 Nd4 30. Qf6 Rxe5+ 31. Kd1 Rf5 32. Qh8+ Ke7 33. Ne4+ 1-0

[Event "SR 2. liga A 2013/2014"]
[Site "?"]
[Date "2013.10.19"]
[Round "1.5"]
[White "Povysil, Peter"]
[Black "Doucha, Ludvik"]
[Result "1-0"]
[WhiteElo "1991"]
[BlackElo "2039"]
[PlyCount "51"]
[EventDate "2013.??.??"]

1. e4 e5 2. d4 exd4 3. Qxd4 Nc6 4. Qe3 d6 5. Nc3 g6 6. Bd2 Bg7 7. O-O-O Nf6 8.
h4 Ng4 9. Qe1 Bd4 10. Nh3 h5 11. f3 Nge5 12. Nd5 Nd7 13. Bc3 Bxc3 14. Qxc3 O-O
15. Nhf4 Nde5 16. Be2 f6 17. Rdg1 Bd7 18. g4 hxg4 19. fxg4 Kg7 20. g5 fxg5 21.
Rxg5 Kh7 22. Rhg1 Rxf4 23. Nxf4 Qf6 24. Nxg6 Qf2 25. Nxe5 Qf4+ 26. Kb1 1-0

[Event "SR 2. liga A 2013/2014"]
[Site "?"]
[Date "2013.10.19"]
[Round "1.6"]
[White "Sosovicka, Juraj"]
[Black "Jozefek, Michal"]
[Result "1/2-1/2"]
[WhiteElo "2188"]
[BlackElo "2168"]
[PlyCount "56"]
[EventDate "2013.??.??"]

1. e4 c5 2. Nf3 d6 3. d4 cxd4 4. Qxd4 Bd7 5. c4 Nc6 6. Qd2 Nf6 7. Nc3 g6 8. b3
Bg7 9. Bb2 O-O 10. Bd3 a6 11. O-O Bg4 12. Ne1 Bd7 13. h3 Rb8 14. Nd5 e6 15.
Nxf6+ Bxf6 16. Rd1 Bxb2 17. Qxb2 Qc7 18. f4 Rfd8 19. Nf3 e5 20. Qd2 Be8 21. Qe3
b5 22. Be2 f6 23. Rc1 Kg7 24. Rfd1 Na5 25. Qc3 b4 26. Qe3 Nb7 27. fxe5 dxe5 28.
Ne1 Bc6 {remis} 1/2-1/2

[Event "SR 2. liga A 2013/2014"]
[Site "?"]
[Date "2013.10.19"]
[Round "1.6"]
[White "Bury, Rastislav"]
[Black "Zatko, Gregor"]
[Result "1-0"]
[WhiteElo "2120"]
[BlackElo "2188"]
[PlyCount "63"]
[EventDate "2013.??.??"]

1. c4 Nf6 2. g3 c6 3. Bg2 d5 4. b3 Bf5 5. Bb2 e6 6. Nf3 Nbd7 7. O-O Be7 8. d3
h6 9. Nbd2 Bh7 10. Qc2 O-O 11. a3 a5 12. Bc3 Re8 13. b4 axb4 14. axb4 dxc4 15.
Nxc4 Nd5 16. Rxa8 Qxa8 17. Ra1 Qb8 18. Qb2 Nxc3 19. Qxc3 Bf6 20. d4 e5 21.
Nfxe5 Nxe5 22. Nxe5 Bf5 23. Ra5 Qd6 24. Nxc6 Qd7 25. e4 bxc6 26. Rxf5 Bxd4 27.
Qc4 Re6 28. Bf3 g6 29. Ra5 Rf6 30. Kg2 g5 31. e5 Rf5 32. e6 {: 0} 1-0

[Event "SR 2. liga A 2013/2014"]
[Site "?"]
[Date "2013.10.19"]
[Round "1.6"]
[White "Oprea, Erik"]
[Black "Jablonicky, Frantisek"]
[Result "1/2-1/2"]
[WhiteElo "2130"]
[BlackElo "2146"]
[PlyCount "62"]
[EventDate "2013.??.??"]

1. c4 f5 2. g3 Nf6 3. Bg2 g6 4. Nc3 Bg7 5. d3 O-O 6. e4 d6 7. Nge2 c5 8. exf5
gxf5 9. Nf4 Nc6 10. Nh5 Nxh5 11. Qxh5 Nd4 12. O-O e6 13. Bg5 Qc7 14. Rab1 Bd7
15. Be3 a6 16. Qd1 Bc6 17. Bxd4 Bxd4 18. Ne2 Be5 19. b3 f4 20. Bxc6 bxc6 21. d4
cxd4 22. Nxd4 Bxd4 23. Qxd4 e5 24. Qe4 f3 25. Qh4 Kh8 26. Rbd1 Rf6 27. Rfe1 Rg8
28. Qh5 c5 29. Re3 Rgf8 30. Rdd3 Qb7 31. Qg4 a5 {remis} 1/2-1/2

[Event "SR 2. liga A 2013/2014"]
[Site "?"]
[Date "2013.10.19"]
[Round "1.6"]
[White "Polasek, Filip"]
[Black "Sosovicka, Matej"]
[Result "1/2-1/2"]
[WhiteElo "2085"]
[BlackElo "2098"]
[PlyCount "25"]
[EventDate "2013.??.??"]

1. e4 e5 2. Nf3 Nc6 3. Nc3 Nf6 4. Bb5 Nd4 5. Nxd4 exd4 6. Nd5 Nxd5 7. exd5 Be7
8. O-O O-O 9. Qg4 Bf6 10. Bd3 d6 11. Qg3 Re8 12. b3 Bd7 13. Bb2 {remis} 1/2-1/2

[Event "SR 2. liga A 2013/2014"]
[Site "?"]
[Date "2013.10.19"]
[Round "1.6"]
[White "Prikler, Bruno"]
[Black "Jablonicky, Martin"]
[Result "0-1"]
[WhiteElo "2090"]
[BlackElo "1967"]
[PlyCount "58"]
[EventDate "2013.??.??"]

1. c4 g6 2. Nc3 Bg7 3. g3 c5 4. Bg2 Nc6 5. e3 e5 6. Nge2 Nge7 7. O-O O-O 8. h3
d6 9. a3 Be6 10. Nd5 Qd7 11. Kh2 Rab8 12. d3 b5 13. f4 Na5 14. Bd2 Nac6 15.
Nec3 bxc4 16. dxc4 Rxb2 17. Nxe7+ Nxe7 18. Nd5 Bxd5 19. cxd5 exf4 20. gxf4 Rxd2
21. Qxd2 Bxa1 22. Rxa1 Rb8 23. e4 Qa4 24. e5 Nf5 25. e6 Qb3 26. Qe1 Qc4 27.
exf7+ Kxf7 28. Qd2 Re8 29. Bf3 Re3 {0 :} 0-1

[Event "SR 2. liga A 2013/2014"]
[Site "?"]
[Date "2013.10.19"]
[Round "1.6"]
[White "Pericka, Tomas"]
[Black "Ochrana, Ladislav"]
[Result "1-0"]
[WhiteElo "1994"]
[BlackElo "2045"]
[PlyCount "65"]
[EventDate "2013.??.??"]

1. e4 e5 2. f4 exf4 3. Nf3 d5 4. exd5 Qxd5 5. Nc3 Qd8 6. Bc4 Qe7+ 7. Be2 c6 8.
O-O Qc7 9. d4 Bd6 10. Bc4 Ne7 11. Ng5 f6 12. Nf7 Rf8 13. Qh5 g6 14. Qxh7 Bf5
15. Re1 Nd7 16. Ne4 Bxe4 17. Rxe4 f5 18. Nxd6+ Qxd6 19. Bxf4 Qf6 20. Re6 Rf7
21. Qg8+ Rf8 22. Rxf6 Rxg8 23. Re6 Rg7 24. Rae1 Nf8 25. Rf6 Nd7 26. Rfe6 Nf8
27. Rd6 g5 28. Be5 Rg6 29. Bf6 Rxf6 30. Rxf6 Kd7 31. Rf7 Nfg6 32. Rg7 Kd8 33.
Bf7 {: 0} 1-0

[Event "SR 2. liga A 2013/2014"]
[Site "?"]
[Date "2013.10.19"]
[Round "1.6"]
[White "Szollos, Ondrej"]
[Black "Gasa, Patrik"]
[Result "1/2-1/2"]
[WhiteElo "1983"]
[BlackElo "1956"]
[PlyCount "107"]
[EventDate "2013.??.??"]

1. Nf3 c5 2. e4 Nc6 3. c3 d5 4. exd5 Qxd5 5. Be2 Bg4 6. O-O Nf6 7. d3 e6 8. Ng5
Bxe2 9. Qxe2 Be7 10. Ne4 Rd8 11. Nxf6+ Bxf6 12. Nd2 Qxd3 13. Qg4 h5 14. Qa4 O-O
15. Nf3 Qf5 16. Be3 g5 17. Nd2 h4 18. h3 Ne5 19. f4 Qd3 20. Rae1 Ng6 21. fxg5
Be5 22. Nf3 Bg3 23. Bf2 b5 24. Qe4 Qxe4 25. Rxe4 Bxf2+ 26. Rxf2 Rd5 27. Kh2
Rfd8 28. c4 bxc4 29. Rc2 Rb8 30. g3 hxg3+ 31. Kxg3 c3 32. b3 Rd3 33. Rc4 Rxf3+
34. Kxf3 Ne5+ 35. Ke4 Nxc4 36. bxc4 Rb2 37. Rxc3 Rxa2 38. Ke5 Rd2 39. Kf6 Rf2+
40. Ke7 Rf5 41. g6 fxg6 42. Kxe6 Kh7 43. Ra3 Kh6 44. Rxa7 Rf3 45. Kd6 Rxh3 46.
Kxc5 g5 47. Ra1 g4 48. Kd6 Rd3+ 49. Kc6 g3 50. c5 Kg5 51. Kc7 Kg4 52. c6 g2 53.
Kb8 Rb3+ 54. Kc8 {remis} 1/2-1/2

[Event "SR 2. liga A 2013/2014"]
[Site "?"]
[Date "2013.10.19"]
[Round "1.6"]
[White "Diviak, Rastislav"]
[Black "Kucera, Michal"]
[Result "1-0"]
[WhiteElo "1998"]
[BlackElo "1943"]
[PlyCount "71"]
[EventDate "2013.??.??"]

1. e4 c5 2. Nf3 Nc6 3. d4 cxd4 4. Nxd4 Nf6 5. Nc3 e5 6. Ndb5 d6 7. Bg5 a6 8.
Na3 b5 9. Bxf6 gxf6 10. Nd5 f5 11. c3 Bg7 12. exf5 Bxf5 13. Nc2 O-O 14. Nce3
Be6 15. Bd3 f5 16. O-O Ne7 17. Nxe7+ Qxe7 18. Bxf5 Rad8 19. Bxe6+ Qxe6 20. Qd5
Qxd5 21. Nxd5 Rf7 22. a4 Rb7 23. b4 Kf7 24. axb5 axb5 25. Ra6 Ke6 26. Rd1 Bf8
27. f3 h6 28. Kf2 Rc8 29. Rd3 h5 30. Ke2 h4 31. Ne3 Rd8 32. Kd1 Bh6 33. Ng4 Bf4
34. Nf2 Rg7 35. Ne4 Rgd7 36. Nc5+ {: 0} 1-0

[Event "SR 2. liga A 2013/2014"]
[Site "?"]
[Date "2013.10.20"]
[Round "2.1"]
[White "Jacko, Vladimir"]
[Black "Janko, Michal"]
[Result "1/2-1/2"]
[WhiteElo "2281"]
[BlackElo "2260"]
[PlyCount "79"]
[EventDate "2013.??.??"]

1. d4 d6 2. e4 g6 3. Nc3 Bg7 4. Be3 a6 5. f4 b5 6. Bd3 Nd7 7. Nf3 Bb7 8. e5 c5
9. Be4 Qc7 10. e6 fxe6 11. Ng5 Nf8 12. Bxb7 Qxb7 13. dxc5 Qxg2 14. Rg1 Qc6 15.
Bd4 e5 16. Bf2 dxc5 17. Qd5 Qxd5 18. Nxd5 Rc8 19. O-O-O Nf6 20. fxe5 Nxd5 21.
Rxd5 Bh6 22. Be3 Ne6 23. h4 Rf8 24. Bd2 Bxg5 25. hxg5 Rd8 26. Rxd8+ Kxd8 27.
Rh1 Rf5 28. b3 Nxg5 29. Bxg5 Rxg5 30. Rxh7 Rxe5 31. Kd2 Kd7 32. Rh8 Kc6 33.
Rc8+ Kb7 34. Rg8 Re6 35. Kd3 Kb6 36. Rc8 Rc6 37. Re8 Re6 38. Rc8 Rc6 39. Re8
Re6 40. Rc8 1/2-1/2

[Event "SR 2. liga A 2013/2014"]
[Site "?"]
[Date "2013.10.20"]
[Round "2.1"]
[White "Farkas, Gabor"]
[Black "Janos, Martin"]
[Result "1-0"]
[WhiteElo "2307"]
[BlackElo "2213"]
[PlyCount "115"]
[EventDate "2013.??.??"]

1. d4 Nf6 2. c4 e6 3. g3 h6 4. Bg2 d5 5. Nf3 Nbd7 6. O-O c6 7. Qc2 Be7 8. Rd1
O-O 9. Nbd2 b6 10. e4 dxe4 11. Nxe4 Nxe4 12. Qxe4 Bb7 13. Bf4 Rc8 14. Qe2 Qe8
15. Ne5 Nxe5 16. Bxe5 Rd8 17. Qg4 Bg5 18. c5 Qd7 19. Qe2 Rfe8 20. h4 Be7 21. b4
Bf8 22. Rac1 f6 23. Bf4 Qf7 24. a3 b5 25. Be4 g5 26. hxg5 hxg5 27. Be3 Bh6 28.
Qf3 f5 29. Bxc6 Bxc6 30. Qxc6 f4 31. Bd2 Rxd4 32. Bc3 Rxd1+ 33. Rxd1 Qh5 34.
Kg2 Re7 35. Rh1 Qg6 36. g4 Bg7 37. Bxg7 Kxg7 38. Re1 Qf6 39. Qe4 Qg6 40. Qxg6+
Kxg6 41. Rc1 Kf6 42. c6 Rc7 43. Rc5 a6 44. Kf3 Ke7 45. Ke4 Kd6 46. f3 a5 47.
Kd4 axb4 48. axb4 Rc8 49. c7 Kd7 50. Ke5 Ke7 51. Rc1 Kd7 52. Kf6 Rf8+ 53. Kxg5
Kc8 54. Rc5 Rf7 55. Kg6 Rd7 56. g5 Rd3 57. Kf6 Rxf3 58. g6 1-0

[Event "SR 2. liga A 2013/2014"]
[Site "?"]
[Date "2013.10.20"]
[Round "2.1"]
[White "Certek, Pavel"]
[Black "Krajnak, Martin"]
[Result "1/2-1/2"]
[WhiteElo "2286"]
[BlackElo "2229"]
[PlyCount "37"]
[EventDate "2013.??.??"]

1. d4 {0} Nf6 2. c4 Nc6 3. Nf3 d6 4. g3 e5 5. Bg2 Be7 6. Nc3 O-O 7. h3 Bf5 8.
Be3 Ne4 9. Nd5 exd4 10. Nxd4 Nxd4 11. Bxd4 c6 12. Nc3 Nxc3 13. Bxc3 Bf6 14. Rc1
Re8 15. O-O Qe7 16. e3 Rad8 17. Qf3 Bxc3 18. Rxc3 Qd7 19. g4 1/2-1/2

[Event "SR 2. liga A 2013/2014"]
[Site "?"]
[Date "2013.10.20"]
[Round "2.1"]
[White "Tepper, Frantisek"]
[Black "Balogh, Peter"]
[Result "1/2-1/2"]
[WhiteElo "2153"]
[BlackElo "2081"]
[PlyCount "29"]
[EventDate "2013.??.??"]

1. e4 e5 2. Nf3 Nc6 3. Nc3 Nf6 4. Bb5 Nd4 5. Nxd4 exd4 6. e5 dxc3 7. exf6 Qxf6
8. dxc3 Qe5+ 9. Qe2 Qxe2+ 10. Bxe2 d5 11. Bf4 c6 12. c4 Be6 13. cxd5 Bxd5 14.
O-O Bc5 15. a3 1/2-1/2

[Event "SR 2. liga A 2013/2014"]
[Site "?"]
[Date "2013.10.20"]
[Round "2.1"]
[White "Dvorsky, Jozef"]
[Black "Fabry, Robert"]
[Result "1/2-1/2"]
[WhiteElo "2013"]
[BlackElo "2132"]
[PlyCount "47"]
[EventDate "2013.??.??"]

1. e4 e5 2. Nf3 Nc6 3. Bb5 a6 4. Bc4 Nf6 5. Qe2 b5 6. Bb3 Be7 7. c3 O-O 8. O-O
d6 9. h3 Na5 10. Bc2 c5 11. d3 Rb8 12. Rd1 Qc7 13. Nbd2 Re8 14. Nf1 Bf8 15. Bg5
Nd7 16. Ne3 Nb6 17. Rac1 Nc6 18. g4 Nd8 19. Nf5 Be6 20. Bb1 f6 21. Be3 Qf7 22.
b3 Nc6 23. d4 exd4 24. cxd4 1/2-1/2

[Event "SR 2. liga A 2013/2014"]
[Site "?"]
[Date "2013.10.20"]
[Round "2.1"]
[White "Mikulas, Dusan"]
[Black "Kosar, Mikulas ml"]
[Result "1/2-1/2"]
[WhiteElo "2112"]
[BlackElo "1881"]
[PlyCount "88"]
[EventDate "2013.??.??"]

1. e4 d5 2. exd5 Nf6 3. d4 Nxd5 4. c4 Nb4 5. a3 N4a6 6. Nf3 Bg4 7. Be2 e6 8.
Be3 c5 9. O-O Be7 10. h3 Bh5 11. Ne5 Bxe2 12. Qxe2 O-O 13. Rd1 cxd4 14. Bxd4
Qc7 15. Nc3 Nc6 16. Nxc6 bxc6 17. Be5 Qc8 18. b4 f6 19. Bg3 e5 20. c5 Nc7 21.
f4 Re8 22. fxe5 Kh8 23. Qf3 Ne6 24. Ne4 fxe5 25. Bxe5 Ng5 26. Nxg5 Bxg5 27. Qc3
Rxe5 28. Qxe5 Bf6 29. Qe4 Bxa1 30. Rxa1 a5 31. Rd1 axb4 32. axb4 h6 33. Rd6
Ra1+ 34. Kh2 Rf1 35. Qd4 Qc7 36. Qe5 Rf6 37. Qg3 Qe7 38. Rxf6 Qxf6 39. Qd6 Qc3
40. b5 cxb5 41. c6 b4 42. c7 Kh7 43. Qf4 Kg8 44. h4 b3 1/2-1/2

[Event "SR 2. liga A 2013/2014"]
[Site "?"]
[Date "2013.10.20"]
[Round "2.2"]
[White "Rohacek, Miroslav"]
[Black "Takacs, Laszlo"]
[Result "1-0"]
[WhiteElo "2246"]
[BlackElo "2130"]
[PlyCount "79"]
[EventDate "2013.??.??"]

1. Nf3 Nf6 2. c4 g6 3. b4 a5 4. b5 Bg7 5. Bb2 O-O 6. g3 d5 7. cxd5 Nxd5 8. Bxg7
Kxg7 9. Bg2 c6 10. Qb3 Qb6 11. Nc3 Nf6 12. Rb1 Be6 13. Qa3 Qc7 14. O-O Rd8 15.
Rfc1 Qd6 16. Qxd6 exd6 17. bxc6 bxc6 18. Nd4 Bd7 19. Rb6 d5 20. Na4 Be8 21. Nc5
Kg8 22. Bh3 Ne4 23. Nb7 Nd7 24. Rbxc6 Rdb8 25. Rc7 Nf8 26. d3 Ng5 27. Bc8 Ba4
28. Nd8 Rb4 29. h4 Nh3+ 30. Kg2 Rxd4 31. Nxf7 Nf4+ 32. gxf4 Rxf4 33. Nh6+ Kh8
34. Kg3 Rf6 35. Re7 Bc6 36. Bb7 Bxb7 37. Rxb7 Re6 38. Rcc7 g5 39. hxg5 Rxe2 40.
Rg7 1-0

[Event "SR 2. liga A 2013/2014"]
[Site "?"]
[Date "2013.10.20"]
[Round "2.2"]
[White "Blaho, Stefan"]
[Black "Kovac, Andrej"]
[Result "0-1"]
[WhiteElo "2122"]
[BlackElo "2171"]
[PlyCount "68"]
[EventDate "2013.??.??"]

1. d4 Nf6 2. c4 c5 3. d5 b5 4. cxb5 a6 5. bxa6 d6 6. g3 g6 7. Bg2 Bg7 8. Bd2
Bxa6 9. Bc3 Nbd7 10. Nh3 O-O 11. Nf4 Nb6 12. h4 Ra7 13. O-O Qa8 14. a3 Bb7 15.
e4 Na4 16. Re1 Nxc3 17. Nxc3 Nd7 18. Rc1 Ba6 19. Bf1 Bxf1 20. Kxf1 Rb8 21. Nd3
Ne5 22. Nxe5 Bxe5 23. Qc2 Rab7 24. Rb1 Rb3 25. Re3 Bd4 26. Rd3 Qa6 27. Kg2 Rxb2
28. Rxd4 Rxc2 29. Rxb8+ Kg7 30. Ra4 Qd3 31. e5 Rxc3 32. e6 Qf3+ 33. Kh3 Qh1+
34. Kg4 h5+ 0-1

[Event "SR 2. liga A 2013/2014"]
[Site "?"]
[Date "2013.10.20"]
[Round "2.2"]
[White "Kralovic, Andrej"]
[Black "Merva, Frantisek"]
[Result "1-0"]
[WhiteElo "2172"]
[BlackElo "2022"]
[PlyCount "55"]
[EventDate "2013.??.??"]

1. e4 e5 2. Bc4 Nf6 3. d3 d5 4. exd5 Nxd5 5. Nf3 Nc6 6. O-O Be7 7. Re1 O-O 8.
Nxe5 Nxe5 9. Rxe5 Nb6 10. Bb3 Bd6 11. Bg5 Qd7 12. Re4 a5 13. a4 Kh8 14. Nc3 f5
15. Rh4 Qe8 16. Nb5 Qg6 17. Qh5 Qxh5 18. Rxh5 Bd7 19. Nxd6 cxd6 20. Be3 Nc8 21.
Bd4 Ne7 22. Rh6 d5 23. Rd6 Bc6 24. Re1 Rf7 25. f4 Kg8 26. c4 dxc4 27. Bxc4 Bxa4
28. Rxe7 1-0

[Event "SR 2. liga A 2013/2014"]
[Site "?"]
[Date "2013.10.20"]
[Round "2.2"]
[White "Kahancova, Jana"]
[Black "Kimerling, Martin"]
[Result "0-1"]
[WhiteElo "1652"]
[BlackElo "2109"]
[PlyCount "88"]
[EventDate "2013.??.??"]

1. e4 d6 2. d4 Nf6 3. Nc3 g6 4. Nf3 Bg7 5. Bc4 O-O 6. h3 c6 7. Bb3 Nbd7 8. Bf4
Qa5 9. O-O e5 10. Bh2 Qc7 11. Re1 Re8 12. Qd2 exd4 13. Nxd4 Nc5 14. Qf4 Nh5 15.
Qd2 a5 16. a4 Be5 17. f4 Bg7 18. Nf3 Qb6 19. Qf2 Be6 20. Bxe6 fxe6 21. Rab1 Rf8
22. g3 e5 23. Kg2 exf4 24. g4 Ng3 25. Bxg3 fxg3 26. Qxg3 Ne6 27. Ne2 Qb4 28.
Neg1 Nf4+ 29. Kh1 Rae8 30. c3 Qxa4 31. Nd2 Qc2 32. Ngf3 Nd3 33. Rf1 Ne5 34.
Rbe1 Qd3 35. Qg2 Nxf3 36. Nxf3 Rxe4 37. Rd1 Qe2 38. Rd2 Qc4 39. Rdf2 Ref4 40.
Nd2 Rxf2 41. Rxf2 Rxf2 42. Nxc4 Rxg2 43. Kxg2 a4 44. Nb6 Bxc3 0-1

[Event "SR 2. liga A 2013/2014"]
[Site "?"]
[Date "2013.10.20"]
[Round "2.2"]
[White "Sebo, Viktor"]
[Black "Kahanec, Jan"]
[Result "1-0"]
[WhiteElo "2039"]
[BlackElo "1693"]
[PlyCount "75"]
[EventDate "2013.??.??"]

1. e4 e5 2. Nf3 Nc6 3. Nc3 d6 4. d4 exd4 5. Nxd4 Nxd4 6. Qxd4 a6 7. Bc4 Be6 8.
Bd5 c6 9. Bxe6 fxe6 10. e5 dxe5 11. Qxe5 Qf6 12. Qc7 Qe7 13. Qg3 Nf6 14. Bd2
Qd6 15. Bf4 Qc5 16. O-O-O Nh5 17. Qd3 Qe7 18. Be5 Rd8 19. Qe3 Nf6 20. Bxf6
Rxd1+ 21. Rxd1 Qxf6 22. Qa7 Qf4+ 23. Kb1 Qc7 24. Ne4 h6 25. Qa8+ Kf7 26. Nc5
Bxc5 27. Qxh8 Qxh2 28. Qc8 Qxg2 29. a3 Qf3 30. Rd7+ Kg6 31. Qe8+ Kh7 32. Qxe6
Qxf2 33. Qe4+ Kh8 34. Rxb7 a5 35. b3 Bxa3 36. Qg6 Qe1+ 37. Ka2 Bf8 38. Qf7 1-0

[Event "SR 2. liga A 2013/2014"]
[Site "?"]
[Date "2013.10.20"]
[Round "2.2"]
[White "Matis, Tibor"]
[Black "Sklars, Tomas"]
[Result "0-1"]
[WhiteElo "1401"]
[BlackElo "2004"]
[PlyCount "50"]
[EventDate "2013.??.??"]

1. e4 c5 2. Nf3 g6 3. d4 cxd4 4. Nxd4 Bg7 5. Nc3 Nc6 6. Be3 Nf6 7. Bd3 O-O 8.
Nb3 d5 9. exd5 Nxd5 10. Qd2 Nxe3 11. Qxe3 e6 12. h4 h5 13. f4 Nb4 14. O-O-O Qf6
15. Rdg1 Nd5 16. Nxd5 Qxb2+ 17. Kd2 exd5 18. Qf3 Qc3+ 19. Kd1 Bg4 20. Qxg4 hxg4
21. h5 Qf6 22. h6 Bh8 23. g3 Rfe8 24. Nc5 Qa1+ 25. Kd2 Bc3# 0-1

[Event "SR 2. liga A 2013/2014"]
[Site "?"]
[Date "2013.10.20"]
[Round "2.2"]
[White "Sahidi, Samir"]
[Black "Matis, Daniel"]
[Result "1-0"]
[WhiteElo "1885"]
[BlackElo "1227"]
[PlyCount "85"]
[EventDate "2013.??.??"]

1. Nf3 d5 2. d4 Nf6 3. c4 Bf5 4. Nc3 e6 5. Bg5 Be7 6. Bxf6 Bxf6 7. cxd5 exd5 8.
Qb3 b6 9. Qxd5 Qxd5 10. Nxd5 Bd8 11. Rc1 c6 12. Nb4 Bd7 13. Ne5 c5 14. dxc5
bxc5 15. Nbd3 Bb6 16. e3 O-O 17. Be2 Rc8 18. Bf3 Bc6 19. Nxc6 Nxc6 20. Ke2 Rab8
21. Bxc6 Rxc6 22. b3 Rbc8 23. Rhd1 h6 24. Ne5 R6c7 25. Rd7 Rxd7 26. Nxd7 Rc7
27. Ne5 Rc8 28. Rd1 Rd8 29. Rd7 Rf8 30. Nc6 Ra8 31. Kd3 a5 32. Rb7 Bd8 33. Kc4
Rc8 34. Rb8 Rxb8 35. Nxb8 Bc7 36. Nc6 Bxh2 37. Kd3 Bc7 38. Kc4 Bh2 39. f3 Bg1
40. e4 Kf8 41. Kd5 Ke8 42. Nxa5 h5 43. Nc4 1-0

[Event "SR 2. liga A 2013/2014"]
[Site "?"]
[Date "2013.10.20"]
[Round "2.2"]
[White "Mezes, Kristof"]
[Black "Macko, Miroslav"]
[Result "0-1"]
[WhiteElo "1115"]
[BlackElo "1699"]
[PlyCount "60"]
[EventDate "2013.??.??"]

1. d4 d5 2. c4 e6 3. Nc3 Nf6 4. Nf3 Be7 5. e3 O-O 6. b3 Nbd7 7. Bd3 dxc4 8.
bxc4 b6 9. e4 Bb7 10. Qe2 Re8 11. O-O Bb4 12. Bd2 c5 13. Rab1 cxd4 14. Nxd4 Nc5
15. Bc2 Qxd4 16. Rxb4 Nfxe4 17. Nxe4 Nxe4 18. Be3 Qf6 19. f3 Qe7 20. a3 Nc5 21.
Kh1 Red8 22. Rd1 Rxd1+ 23. Qxd1 Rd8 24. Bd4 e5 25. Qe2 Rxd4 26. h3 Qd6 27. Kg1
Rd2 28. Qe3 Rxc2 29. Rb1 Qd2 30. Qxe5 Qxg2# 0-1

[Event "SR 2. liga A 2013/2014"]
[Site "?"]
[Date "2013.10.20"]
[Round "2.3"]
[White "Federic, Jozef"]
[Black "Danada, Tomas"]
[Result "1-0"]
[WhiteElo "2269"]
[BlackElo "2099"]
[PlyCount "71"]
[EventDate "2013.??.??"]

1. d4 g6 2. Nf3 Bg7 3. c4 d6 4. g3 c5 5. Bg2 Nf6 6. Nc3 cxd4 7. Nxd4 O-O 8. O-O
Nc6 9. Nc2 Be6 10. Ne3 Rc8 11. Bd2 Qd7 12. Qa4 b6 13. Rac1 Bh3 14. Rfd1 Bxg2
15. Kxg2 Qb7 16. f3 Rfd8 17. b3 Nd7 18. Qa3 Nc5 19. Ng4 Ne5 20. Nf2 Ne6 21. Be1
f5 22. Nd5 Kf7 23. Bc3 b5 24. cxb5 Qxb5 25. Qxa7 Rd7 26. Qe3 Rc5 27. Nf4 Nxf4+
28. gxf4 Nc6 29. Bxg7 Rxc1 30. Rxc1 e5 31. Bh6 Nd4 32. Nd3 Re7 33. fxe5 dxe5
34. Rc5 e4 35. Qxd4 exf3+ 36. Kxf3 1-0

[Event "SR 2. liga A 2013/2014"]
[Site "?"]
[Date "2013.10.20"]
[Round "2.3"]
[White "Petrik, Stanislav"]
[Black "Skara, Vladimir"]
[Result "0-1"]
[WhiteElo "2175"]
[BlackElo "2170"]
[PlyCount "56"]
[EventDate "2013.??.??"]

1. e4 e6 2. d4 d5 3. e5 c5 4. c3 Qb6 5. Nf3 cxd4 6. cxd4 Nc6 7. a3 Nh6 8. Nc3
Nf5 9. Na4 Qa5+ 10. b4 Qd8 11. g4 Nh4 12. Be3 Bd7 13. Nc5 Bxc5 14. dxc5 Nxf3+
15. Qxf3 Nxe5 16. Qg3 Qf6 17. Rd1 Nf3+ 18. Ke2 Bb5+ 19. Rd3 Bxd3+ 20. Kxd3 d4
21. Bc1 e5 22. Kc2 O-O 23. Bd3 Qc6 24. b5 Qxc5+ 25. Kb1 Qd5 26. Kb2 e4 27. Bc2
Rac8 28. Bf4 Rc3 0-1

[Event "SR 2. liga A 2013/2014"]
[Site "?"]
[Date "2013.10.20"]
[Round "2.3"]
[White "Dugovic, Branislav"]
[Black "Petrik, Karol"]
[Result "1/2-1/2"]
[WhiteElo "2175"]
[BlackElo "2107"]
[PlyCount "42"]
[EventDate "2013.??.??"]

1. Nf3 g6 2. d4 Bg7 3. c4 Nf6 4. Nc3 O-O 5. e4 d6 6. Be2 Nc6 7. Bg5 Bg4 8. d5
Nb8 9. h3 Bxf3 10. Bxf3 c6 11. O-O Nbd7 12. Qd2 Re8 13. Rac1 Rc8 14. Be3 Qa5
15. Rfd1 a6 16. b3 Nc5 17. dxc6 bxc6 18. Nd5 Qa3 19. Nc3 Qa5 20. Nd5 Qa3 21.
Nc3 Qa5 1/2-1/2

[Event "SR 2. liga A 2013/2014"]
[Site "?"]
[Date "2013.10.20"]
[Round "2.3"]
[White "Polacik, Igor"]
[Black "Mydlarik, Martin"]
[Result "0-1"]
[WhiteElo "2168"]
[BlackElo "2112"]
[PlyCount "106"]
[EventDate "2013.??.??"]

1. e4 d5 2. Nc3 dxe4 3. Nxe4 Bf5 4. Ng3 Bg6 5. Nf3 Nc6 6. h4 h6 7. Bb5 Qd6 8.
O-O O-O-O 9. d3 Ne5 10. Re1 Nxf3+ 11. Qxf3 Nf6 12. Bc4 e6 13. a4 h5 14. a5 Nd5
15. a6 b6 16. Bb3 Qc6 17. Ne4 Nb4 18. Bf4 Bc5 19. Qe2 Be7 20. Bg3 Bxe4 21. dxe4
Bd6 22. Ba4 Qa8 23. c3 Bxg3 24. cxb4 Be5 25. Rac1 Rd4 26. Bc6 Qb8 27. b5 Kd8
28. Qe3 Rd6 29. Rcd1 Ke7 30. f4 Rxd1 31. Rxd1 Bd6 32. Qg3 Rd8 33. Kf1 Kf8 34.
Qf3 g6 35. f5 exf5 36. exf5 Kg7 37. f6+ Kg8 38. Bb7 Be5 39. Re1 c5 40. bxc6 Qd6
41. Rc1 Qc7 42. Re1 Re8 43. Qd5 Re6 44. Qd7 Rxf6+ 45. Kg1 Bh2+ 46. Kh1 Qg3 47.
Qe8+ Kh7 48. c7 Qxc7 49. Bf3 Bg3 50. Rd1 Rf4 51. Rd7 Qc1+ 52. Rd1 Qxd1+ 53.
Bxd1 Rf1# 0-1